000 01968nam0a2200337 i 4500
001 RU\NLR\BIBL_A\010981485
005 20240921183643.0
010 _a9785433802414
_9100
021 _aRU
_b2016-4911
_9304
035 _a(NILC)RuMoRGB-008127019
035 _a(NLR Aleph) 010981485
090 _a10875108
_c10875108
100 _a20160215d2015 km y0rusy50 ca
101 0 _arus
102 _aRU
105 _aab||z|||110yy
200 1 _aПочва - зеркало и память ландшафта
_eматериалы всероссийской научной конференции с международным участием, посвященной Международному году почв и 60-летию Кировского областного отделения Русского географического общества, 8-9 октября 2015 г.
_f[отв. ред. и сост. - А. М. Прокашев]
210 _aКиров
_cВГГУ
_d2015
215 _a229 с.
_cил.
_d29
300 _aВ надзаг.: ФГБОУ ВО "Вят. гос. гуманит. ун-т", ФГБОУ ВПО "Вят. гос. с.-х. акад.", Киров. обл. отд-ние Рус. геогр. о-ва [и др.]
320 _aБиблиогр. в конце ст.
606 1 _aПочвоведение
_jСъезды, совещания и т.п
_91086020
_3RU\NLR\AUTH\66106273
675 _a631.4
686 1 _aП03я431(2)
702 1 _aПрокашев
_bА. М.
_gАлексей Михайлович
_4220
711 1 2 _a"Почва - зеркало и память ландшафта", всероссийская научная конференция с международным участием
_eКиров
_f2015
_9507129
_3RU\NLR\AUTH\880421106
801 0 _aRU
_bРГБ
_c20160127
_gRCR
942 _cBOOK
980 _aNBR